School hazard zone : beyond the silence/finding a voice /

Bibliographic Details
Main Author: Joyce, Pamela Althea
Format: Book
Language:English
Published: New York : Peter Lang, [2008]
Series:Counterpoints (New York, N.Y.) ; v. 264.
Subjects:
Online Access:Table of contents only

MARC

Tag First Indicator Second Indicator Subfields
LEADER 00000cam a2200000 a 4500
001 in00002376521
005 20151109041236.0
008 070514s2008 nyua b 000 0deng
010 |a  2007019931 
020 |a 9780820469126 (pbk. : alk. paper) 
020 |a 0820469122 (pbk. : alk. paper) 
035 |a (OCoLC)ocn137244639 
035 |a (OCoLC)137244639 
040 |a DLC  |c DLC  |d BTCTA  |d BAKER  |d YDXCP  |d C#P  |d BWX  |d UtOrBLW 
049 |a TXAM 
050 0 0 |a LC3731  |b .J69 2008 
082 0 0 |a 371.829  |2 22 
100 1 |a Joyce, Pamela Althea. 
245 1 0 |a School hazard zone :  |b beyond the silence/finding a voice /  |c Pamela Althea Joyce. 
264 1 |a New York :  |b Peter Lang,  |c [2008] 
264 4 |c ©2008 
300 |a xii, 273 pages :  |b illustrations ;  |c 23 cm. 
336 |a text  |b txt  |2 rdacontent 
337 |a unmediated  |b n  |2 rdamedia 
338 |a volume  |b nc  |2 rdacarrier 
490 1 |a Counterpoints,  |x 1058-1634 ;  |v v. 264 
504 |a Includes bibliographical references (pages [271]-273). 
650 0 |a Minorities  |x Education  |z United States. 
650 0 |a Educational equalization  |z United States. 
650 0 |a Teacher effectiveness  |z United States. 
600 1 0 |a Joyce, Pamela Althea  |v Journals. 
830 0 |a Counterpoints (New York, N.Y.) ;  |v v. 264. 
856 4 1 |3 Table of contents only  |u http://www.loc.gov/catdir/toc/ecip0718/2007019931.html  |t 0 
938 |a Baker and Taylor  |b BTCP  |n 2007019931 
938 |a Baker & Taylor  |b BKTY  |c 33.95  |d 33.95  |i 0820469122  |n 0007603919  |s active 
938 |a YBP Library Services  |b YANK  |n 2762212 
938 |a Blackwell Book Service  |b BBUS  |n R7695081  |c $33.95 
945 |a PromptCat  |b 366467 
946 |a stk 
947 |a A14836849455 
994 |a 92  |b TXA 
948 |a cataloged  |b h  |c 2008/3/28  |d c  |e asalazar  |f 12:26:13 pm 
999 |a MARS 
999 f f |s 601f79a8-9349-3b9d-b558-c393e18367b7  |i 2bf88bb7-60f7-3d7c-9082-9ae19585cde2  |t 0 
952 f f |p normal  |a Texas A&M University  |b College Station  |c Sterling C. Evans Library  |d Evans: Library Stacks  |t 0  |e LC3731 .J69 2008  |h Library of Congress classification  |i unmediated -- volume  |m A14836849455 
998 f f |a LC3731 .J69 2008  |t 0  |l Evans: Library Stacks